000 00334nam a2200121Ia 4500
008 240731s9999 xx 000 0 und d
022 _a1469-929X
245 0 _aInterventions : International Journal of Postcolonial Studies
260 _bRoutledge
856 _uhttps://www.tandfonline.com/loi/riij20
942 _2ddc
942 _cTFEJ
999 _c77329
_d77329
945 _a1
_bMadushi Gamage
_c1
_dMadushi Gamage